| 000 | 01389nam0a22003131 4500 | ||
|---|---|---|---|
| 001 | rc\2275538 | ||
| 005 | 20260407134824.0 | ||
| 035 | _a(NLR Aleph) 006555680 | ||
| 090 |
_a6788898 _c6788898 |
||
| 100 | _a20110829d1979 |||y0rusy50 ca | ||
| 101 | 0 | _arus | |
| 102 | _aRU | ||
| 105 | _ay z ||||| | ||
| 200 | 1 |
_aМетодические рекомендации по расчету деформированности и трещиностойкости сборно-монолитных конструкций _fНИИ строит. конструкций _g[Сост. В.Ф. Усмановым, В.Я. Бачинским, А.Б. Голышевым] |
|
| 210 |
_aКиев _cНИИСК _d1979 |
||
| 215 |
_a16 с. _d20 |
||
| 320 | _aБиблиогр.: с. 15 | ||
| 606 |
_aЖелезобетонные конструкции, сборно-монолитные _xДеформация _xРасчет _2psbo |
||
| 686 |
_aН536.3-028.04я82 _2rubbk |
||
| 702 | 1 |
_aБачинский _bВ.Я. _4220 |
|
| 702 | 1 |
_aГолышев _bА.Б. _4220 |
|
| 702 | 1 |
_aУсманов _bВ.Ф. _gВалиахмат Файзуллаевич _4220 |
|
| 712 | 0 | 2 |
_aНИИ строительных конструкций _cКиев _3RU\NLR\AUTH\8810002735 _9502697 |
| 801 | 0 |
_aRU _bNLR _gpsbo |
|
| 801 | 1 |
_aRU _bELAR _2rusmarc |
|
| 852 |
_aNLR _j80-4/7799 |
||
| 899 |
_aRuMoRGB _jM 80-5/51 |
||
| 942 | _cBOOK | ||
| 980 | _aNB | ||